|
|
|
|
| LEADER |
00000nam0a2200000 4500 |
| 001 |
124020 |
| 005 |
20231031130717.0 |
| 010 |
|
|
|a 5962601114
|
| 035 |
|
|
|a (RuTPU)RU\TPU\book\134221
|
| 090 |
|
|
|a 124020
|
| 100 |
|
|
|a 20071025d2007 km y0rusy50 ca
|
| 101 |
0 |
|
|a rus
|
| 102 |
|
|
|a RU
|
| 105 |
|
|
|a a z 001zy
|
| 200 |
1 |
|
|a Себестоимость от управленческого учета затрат до бухгалтерского учета расходов
|f А. А. Ефремова
|
| 210 |
|
|
|a Москва
|a СПб.
|c Вершина
|d 2007
|
| 215 |
|
|
|a 204 с.
|c ил.
|
| 320 |
|
|
|a Список литературы: с. 203-204.
|
| 330 |
|
|
|a В книге рассмотрены вопросы учета затрат и расходов, необходимых для управленческого учета и анализа в бюджетной системе «план-факт». На высоком профессиональном уровне автором описаны процессы сбора в бухгалтерском учете «факта» для системы бюджетирования себестоимости. Так бухучет себестоимости включается в модель бюджетирования расходов предприятия как один из ее основополагающих элементов. Речь идет об аналитике, необходимой для калькулирования по продуктам, местам возникновения затрат и т. п. Рассмотрены вопросы выбора объектов и способов калькулирования. На условных числовых примерах описаны способы организации, а также преимущества учета с использованием различных способов: по нормативной себестоимости, директ-костинга и др. Книга уникальна тем, что объединяет финансовый менеджмент и его базу: основной источник информации — бухгалтерский учет. Издание предназначено для бухгалтеров, специалистов отделов методологии и внутреннего аудита, аудиторов, специалистов в области автоматизации учетных процессов, финансовых аналитиков, специалистов планово-финансовых служб. Книга с успехом может быть использована как учебник для тех, кто впервые обратился к теме планирования и учета затрат — будущих финансовых директоров и начальников планово-экономических отделов.
|
| 610 |
1 |
|
|a экономика
|
| 610 |
1 |
|
|a бухгалтерский учет
|
| 610 |
1 |
|
|a управленческий учет
|
| 610 |
1 |
|
|a затраты
|
| 610 |
1 |
|
|a расходы
|
| 610 |
1 |
|
|a себестоимость
|
| 610 |
1 |
|
|a доходы
|
| 610 |
1 |
|
|a директ-костинг
|
| 610 |
1 |
|
|a неполная себестоимость
|
| 610 |
1 |
|
|a нормативная себестоимость
|
| 610 |
1 |
|
|a стандарт-кост
|
| 610 |
1 |
|
|a незавершенное производство
|
| 610 |
1 |
|
|a оценка
|
| 610 |
1 |
|
|a продукция
|
| 610 |
1 |
|
|a калькулирование
|
| 610 |
1 |
|
|a корпоративные стандарты
|
| 610 |
1 |
|
|a авиапредприятия
|
| 610 |
1 |
|
|a нефтедобывающие предприятия
|
| 675 |
|
|
|a 657.4
|v 3
|
| 700 |
|
1 |
|a Ефремова
|b А. А.
|g Анна Алексеевна
|
| 801 |
|
1 |
|a RU
|b 63413507
|c 20071025
|g PSBO
|
| 801 |
|
2 |
|a RU
|b 63413507
|c 20150403
|g PSBO
|
| 942 |
|
|
|c BK
|